Państwa posiadające na fladze kolor niebieski. - Statystyki

Ogólne statystyki
  • Ten quiz został rozwiązany 119 razy
    55 od ostatniego zresetowania
  • Średni wynik to 44 z 105
Statystyki odpowiedzi
Państwo: % Poprawnych
Wielka Brytania
93%
Rosja
89%
Francja
79%
Szwecja
79%
Ukraina
79%
Argentyna
75%
Australia
75%
Finlandia
75%
Holandia
75%
Ekwador
68%
Islandia
68%
Kolumbia
68%
Luksemburg
68%
Nowa Zelandia
68%
Stany Zjednoczone
68%
Urugwaj
68%
Wenezuela
68%
Andora
64%
Brazylia
64%
Chile
64%
Norwegia
64%
Czechy
61%
Gwinea Równikowa
61%
Kuba
61%
Rumunia
61%
Serbia
61%
Słowacja
61%
Chorwacja
57%
Estonia
57%
Grecja
57%
Panama
57%
Paragwaj
57%
Belize
54%
Haiti
54%
Mołdawia
54%
Republika Południowej Afryki
54%
Słowenia
54%
Bahamy
50%
Boliwia
50%
Dominikana
50%
Kazachstan
50%
San Marino
50%
Bośnia i Hercegowina
46%
Gwatemala
46%
Honduras
46%
Kosowo
46%
Salwador
46%
Somalia
46%
Barbados
43%
Nikaragua
43%
Peru
43%
Saint Lucia
43%
Saint Vincent i Grenadyny
43%
Antigua i Barbuda
39%
Czad
39%
Demokratyczna Republika Konga
39%
Korea Południowa
39%
Tajlandia
39%
Fidżi
36%
Hiszpania
36%
Kostaryka
36%
Meksyk
36%
Nauru
36%
Palau
36%
Portugalia
36%
Kiribati
32%
Korea Północna
32%
Mikronezja
32%
Mongolia
32%
Sierra Leone
32%
Armenia
29%
Czarnogóra
29%
Filipiny
29%
Izrael
29%
Republika Środkowoafrykańska
29%
Seszele
25%
Tuvalu
25%
Botswana
21%
Etiopia
21%
Indie
21%
Laos
21%
Malezja
21%
Samoa
21%
Tanzania
21%
Uzbekistan
21%
Wyspy Salomona
21%
Azerbejdżan
18%
Erytrea
18%
Eswatini
18%
Gabon
18%
Lichtenstein
18%
Namibia
18%
Nepal
18%
Republika Zielonego Przylądka
18%
Rwanda
18%
Wyspy Marshalla
18%
Dżibuti
14%
Komory
14%
Gambia
11%
Kambodża
11%
Lesotho
11%
Liberia
11%
Tajwan
11%
Mauritius
7%
Sudan Południowy
7%
Nie znaleziono quizów pasujących do podanych kryteriów
Rozkład punktacji
Procent ludzi z każdym wynikiem
Percentyl według liczby udzielonych odpowiedzi
Twoja historia wyników
Nie rozwiązałeś tego quizu od ostatniego zresetowania